Crónicas, desde México, Moscú, Madrid, New York /
保存先:
| 第一著者: | |
|---|---|
| フォーマット: | 不明 |
| 言語: | Spanish |
| 出版事項: |
Cuba :
Editorial Pablo de la Torriente,
1990.
|
| シリーズ: | (Colección Pablo)
|
| 主題: | |
| タグ: |
タグ追加
タグなし, このレコードへの初めてのタグを付けませんか!
|
MARC
| LEADER | 000000000a22000000004500 | ||
|---|---|---|---|
| 001 | 002130 | ||
| 008 | 171101b xxu||||| |||| 00| 0 spa d | ||
| 041 | 0 | |a spa | |
| 082 | 0 | 4 | |a 070.44 |b M827c |
| 100 | 1 | |a Mora Herman, Carlos, |d 1919 | |
| 245 | 1 | 0 | |a Crónicas, desde México, Moscú, Madrid, New York / |c Carlos Mora Hernán. |
| 260 | 1 | |a Cuba : |b Editorial Pablo de la Torriente, |c 1990. | |
| 300 | |a xviii, 406 páginas ; |c 19 cm | ||
| 490 | 1 | |a (Colección Pablo) | |
| 650 | 4 | |a ARTICULOS DE DIARIOS | |
| 650 | 4 | |a CRONICAS | |
| 942 | |c BK |2 ddc | ||
| 999 | |c 8718 |d 8718 | ||
